<?xml version="1.0" encoding="UTF-8"?>
<record
    xmlns:xsi="http://www.w3.org/2001/XMLSchema-instance"
    xsi:schemaLocation="http://www.loc.gov/MARC21/slim http://www.loc.gov/standards/marcxml/schema/MARC21slim.xsd"
    xmlns="http://www.loc.gov/MARC21/slim">

  <leader>01862nam a22003137a 4500</leader>
  <controlfield tag="005">20110525111611.0</controlfield>
  <datafield tag="010" ind1=" " ind2=" ">
    <subfield code="a">B-430588-591  B-442798</subfield>
  </datafield>
  <datafield tag="020" ind1=" " ind2=" ">
    <subfield code="a">0195664787</subfield>
    <subfield code="c">1200.00</subfield>
  </datafield>
  <datafield tag="035" ind1=" " ind2=" ">
    <subfield code="a">B-430588-591  B-442798</subfield>
  </datafield>
  <datafield tag="037" ind1=" " ind2=" ">
    <subfield code="b">RBC/VEN</subfield>
  </datafield>
  <datafield tag="082" ind1=" " ind2=" ">
    <subfield code="a">881</subfield>
  </datafield>
  <datafield tag="100" ind1=" " ind2=" ">
    <subfield code="a">Ramanujan, A. K., </subfield>
    <subfield code="d">1929-1993.</subfield>
    <subfield code="9">33799</subfield>
  </datafield>
  <datafield tag="245" ind1=" " ind2=" ">
    <subfield code="a">The Oxford India Ramanujan /</subfield>
    <subfield code="b">edited by Molly Daniels-Ramanujan.</subfield>
  </datafield>
  <datafield tag="246" ind1=" " ind2=" ">
    <subfield code="a">Ramanujan</subfield>
  </datafield>
  <datafield tag="260" ind1=" " ind2=" ">
    <subfield code="a">New Delhi</subfield>
    <subfield code="b">Oxford University Press</subfield>
    <subfield code="c">2010</subfield>
  </datafield>
  <datafield tag="300" ind1=" " ind2=" ">
    <subfield code="a">1 v. (various pagings) </subfield>
    <subfield code="b">ill</subfield>
    <subfield code="c">23 cm. (Hb)</subfield>
  </datafield>
  <datafield tag="500" ind1=" " ind2=" ">
    <subfield code="a">Includes bibliographical references </subfield>
  </datafield>
  <datafield tag="650" ind1=" " ind2=" ">
    <subfield code="a">Tamil poetry</subfield>
    <subfield code="v"> Translations into English.</subfield>
    <subfield code="9">33800</subfield>
  </datafield>
  <datafield tag="650" ind1=" " ind2=" ">
    <subfield code="a">Kannada poetry</subfield>
    <subfield code="v"> Translations into English.</subfield>
    <subfield code="9">33801</subfield>
  </datafield>
  <datafield tag="700" ind1=" " ind2=" ">
    <subfield code="a">Daniels-Ramanujan, Molly, </subfield>
    <subfield code="d">1932-</subfield>
    <subfield code="9">28246</subfield>
  </datafield>
  <datafield tag="942" ind1=" " ind2=" ">
    <subfield code="2">ddc</subfield>
    <subfield code="c">EN</subfield>
    <subfield code="h">881</subfield>
    <subfield code="m">RAM</subfield>
  </datafield>
  <datafield tag="999" ind1=" " ind2=" ">
    <subfield code="c">52587</subfield>
    <subfield code="d">52587</subfield>
  </datafield>
  <datafield tag="952" ind1=" " ind2=" ">
    <subfield code="0">0</subfield>
    <subfield code="1">0</subfield>
    <subfield code="4">0</subfield>
    <subfield code="7">0</subfield>
    <subfield code="8">NFIC</subfield>
    <subfield code="a">L</subfield>
    <subfield code="b">L</subfield>
    <subfield code="d">2011-05-26</subfield>
    <subfield code="e">RBC-22612/2010-11/26-03-11/76/04-03-11/31-03-11</subfield>
    <subfield code="g">1200.00</subfield>
    <subfield code="l">2</subfield>
    <subfield code="o">881 RAM</subfield>
    <subfield code="p">B-430588</subfield>
    <subfield code="r">2018-12-18 00:00:00</subfield>
    <subfield code="s">2018-12-14</subfield>
    <subfield code="t">1</subfield>
    <subfield code="v">1200.00</subfield>
    <subfield code="w">2011-05-26</subfield>
    <subfield code="y">EN</subfield>
  </datafield>
  <datafield tag="952" ind1=" " ind2=" ">
    <subfield code="0">0</subfield>
    <subfield code="1">0</subfield>
    <subfield code="4">0</subfield>
    <subfield code="7">0</subfield>
    <subfield code="8">NFIC</subfield>
    <subfield code="a">BL1</subfield>
    <subfield code="b">BL1</subfield>
    <subfield code="d">2011-05-26</subfield>
    <subfield code="e">RBC-22612/2010-11/26-03-11/76/04-03-11/31-03-11</subfield>
    <subfield code="g">1200.00</subfield>
    <subfield code="l">0</subfield>
    <subfield code="o">881 RAM</subfield>
    <subfield code="p">B-430589</subfield>
    <subfield code="r">2011-05-26 00:00:00</subfield>
    <subfield code="t">1</subfield>
    <subfield code="v">1200.00</subfield>
    <subfield code="w">2011-05-26</subfield>
    <subfield code="y">EN</subfield>
  </datafield>
  <datafield tag="952" ind1=" " ind2=" ">
    <subfield code="0">0</subfield>
    <subfield code="1">0</subfield>
    <subfield code="4">0</subfield>
    <subfield code="7">0</subfield>
    <subfield code="8">NFIC</subfield>
    <subfield code="a">ZLS</subfield>
    <subfield code="b">ZLS</subfield>
    <subfield code="d">2011-05-26</subfield>
    <subfield code="e">RBC-22612/2010-11/26-03-11/76/04-03-11/31-03-11</subfield>
    <subfield code="g">1200.00</subfield>
    <subfield code="l">1</subfield>
    <subfield code="o">881 RAM</subfield>
    <subfield code="p">B-430590</subfield>
    <subfield code="r">2019-08-03 00:00:00</subfield>
    <subfield code="s">2019-07-27</subfield>
    <subfield code="t">1</subfield>
    <subfield code="v">1200.00</subfield>
    <subfield code="w">2011-05-26</subfield>
    <subfield code="y">EN</subfield>
  </datafield>
  <datafield tag="952" ind1=" " ind2=" ">
    <subfield code="0">0</subfield>
    <subfield code="1">0</subfield>
    <subfield code="4">0</subfield>
    <subfield code="7">0</subfield>
    <subfield code="8">NFIC</subfield>
    <subfield code="a">BL3</subfield>
    <subfield code="b">BL3</subfield>
    <subfield code="d">2011-05-26</subfield>
    <subfield code="e">RBC-22612/2010-11/26-03-11/76/04-03-11/31-03-11</subfield>
    <subfield code="g">1200.00</subfield>
    <subfield code="l">0</subfield>
    <subfield code="o">881 RAM</subfield>
    <subfield code="p">B-430591</subfield>
    <subfield code="r">2011-05-26 00:00:00</subfield>
    <subfield code="t">1</subfield>
    <subfield code="v">1200.00</subfield>
    <subfield code="w">2011-05-26</subfield>
    <subfield code="y">EN</subfield>
  </datafield>
  <datafield tag="952" ind1=" " ind2=" ">
    <subfield code="0">0</subfield>
    <subfield code="1">0</subfield>
    <subfield code="4">0</subfield>
    <subfield code="7">0</subfield>
    <subfield code="8">NFIC</subfield>
    <subfield code="a">BL4</subfield>
    <subfield code="b">BL4</subfield>
    <subfield code="d">2011-08-29</subfield>
    <subfield code="e">RBC-25814/2010-11/12.7.11/76/04-03-11/18.7.11</subfield>
    <subfield code="g">1200.00</subfield>
    <subfield code="l">2</subfield>
    <subfield code="o">881 RAM</subfield>
    <subfield code="p">B-442798</subfield>
    <subfield code="r">2026-03-14 00:00:00</subfield>
    <subfield code="s">2026-02-27</subfield>
    <subfield code="t">1</subfield>
    <subfield code="v">1200.00</subfield>
    <subfield code="w">2011-08-29</subfield>
    <subfield code="y">EN</subfield>
  </datafield>
</record>
